A sketch of the origin and progress of steam navigation from authentic documents /

Bibliographic Details
Main Author: Woodcroft, Bennet, 1803-1879
Format: Book
Language:English
Published: London : Taylor, Walton, and Maberly, 1848.
Subjects:

MARC

Tag First Indicator Second Indicator Subfields
LEADER 00000cam a2200000 4500
001 in00000015208
005 20151007053014.0
008 741230s1848 enkaf 00010 eng
010 |a  17009975  
035 |a (OCoLC)01124828 
035 |9 AAB0023AM 
040 |a DLC  |c IAU  |d OCL  |d SER  |d TXA  |d UtOrBLW 
049 |a TXAS [naut] 
050 0 0 |a VM615  |b .W88 
100 1 |a Woodcroft, Bennet,  |d 1803-1879. 
245 1 2 |a A sketch of the origin and progress of steam navigation from authentic documents /  |c by Bennet Woodcroft. 
264 1 |a London :  |b Taylor, Walton, and Maberly,  |c 1848. 
300 |a 6 pages, 16 unnumbered leaves of plates [iii]-iv, 140 pages :  |b illustrations ;  |c 23 cm. 
336 |a text  |b txt  |2 rdacontent 
337 |a unmediated  |b n  |2 rdamedia 
338 |a volume  |b nc  |2 rdacarrier 
500 |a Added t.-p., engr. 
500 |a "Appeared afterwards as a paper on 'Steam navigation' in the 'Transactions of the Society of arts,' 1852."--Dict. nat. biog., volume LXII, page 388. 
500 |a "List of patents, nearly all of which are for propelling vessels, and other documents relating to propelling, which the author has prepared for publication": pages [122]-140. 
650 0 |a Steam-navigation  |x History. 
650 0 |a Steamboats. 
650 0 |a Patents  |z Great Britain. 
999 |a MARS 
999 f f |s e6cffdc8-3797-3d64-8576-ab16fd58d42f  |i 11e0a612-83f1-3068-96c8-ae9440951db8  |t 0 
952 f f |p noncirc  |a Texas A&M University  |b College Station  |c Cushing Memorial Library & Archives  |d Cushing: Maritime (Does not check out)  |t 0  |e VM615 .W88  |h Library of Congress classification  |i unmediated -- volume 
998 f f |a VM615 .W88  |t 0  |l Cushing: Maritime (Does not check out)